World directory of documentation resources and systems for the travel and tourism sector = Repertoire mondial des ressources et systemes documentaires pour le secteur des voyages et du tourisme = Repertorio mundial de recursos y sistemas documentales para el sector de los viajes y del turismo
Αποθηκεύτηκε σε:
| Συγγραφή απο Οργανισμό/Αρχή: | |
|---|---|
| Μορφή: | Βιβλίο |
| Γλώσσα: | English |
| Δημοσίευση: |
Mardid :
World Tourism Organization,
1991
|
| Θέματα: | |
| Ετικέτες: |
Προσθήκη ετικέτας
Δεν υπάρχουν, Καταχωρήστε ετικέτα πρώτοι!
|
MARC
| LEADER | 00000nam a2200000 i 4500 | ||
|---|---|---|---|
| 001 | 1/45956 | ||
| 008 | 971205s1991 eng d | ||
| 020 | |a 92-844-0019-98 | ||
| 022 | |a 10147357 | ||
| 035 | |l 10026234 | ||
| 040 | |a GR-MY-UA |b gre |e aacr | ||
| 041 | 0 | |a eng | |
| 082 | 0 | |a 338.4791 | |
| 110 | 2 | |a World Tourism Organization. | |
| 245 | 1 | 0 | |a World directory of documentation resources and systems for the travel and tourism sector = |b Repertoire mondial des ressources et systemes documentaires pour le secteur des voyages et du tourisme = Repertorio mundial de recursos y sistemas documentales para el sector de los viajes y del turismo |
| 260 | |a Mardid : |b World Tourism Organization, |c 1991 | ||
| 300 | |a xxiii, 184 p. | ||
| 650 | 0 | 0 | |a Tourism. |
| 852 | |a INST |b CHIOS |e 20001120 |h 338.4791 WOR |p 005200001441 |q 005200001441 |t BK |y 0 | ||
| 901 | |a BIBL-1997-3 | ||
| 909 | |a Χ |b 034381 | ||
| 909 | |a Χ |b 041251 | ||